000 02264nam0a22004571 4500
001 v19\rc\1582198
005 20260406100930.0
035 _a(NLR Aleph) 004708687
090 _a4169385
_c4169385
100 _a20061002d1894 |||y0rusy50 ca
101 1 _arus
_cfre
102 _aRU
105 _aac z |||||
200 1 _aПесни Беранже в переводе русских поэтов
_eС портр. и 55 ил. Гранвиля, Баяра, Джиакомелли ... и др.
_fПод ред. П.В. Быкова
210 _aСанкт-Петербург
_cГ. Гоппе
_dценз. 1894
215 _aVIII, 212 с., 1 л. фронт. (портр.)
_cил.
_d24
300 _aЗагл. обл.: Песни Беранже в переводе русских писателей
311 _aБеспл. премия к журн. "Всемир. ил." 1894 г.
316 _aЭкз. РНБ (1/50н): приплетено ...
_5NLR: 1/50н
422 0 _12001#$aВсемирная иллюстрация$v1894
_tВсемирная иллюстрация
482 0 _1001RU\NLR\INFOCOMM4\1000504283
_12001#$aВсемирная иллюстрация$v1894
_91997375
_cБ. м.
_d1894
_tВсемирная иллюстрация. - 1994, ненум. вып.
_v1894
512 0 _aПесни Беранже в переводе русских писателей
700 1 _8rus
_7ca
_aБеранже
_bП.-Ж.
_f1780-1857
_gПьер-Жан
_3RU\NLR\auth\7729697
_912725
702 1 _4440
_8rus
_7ca
_aГранвиль
_bЖ. Ж.
_f1803-1847
_gЖан Жак
_3RU\NLR\AUTH\7778365
_961293
702 1 _aБаяр
_bЭ. А.
_f1837-1891
_gЭмиль Антуан
_4440
702 1 _aДжиакомелли
_bГ.
_f1822-1904
_gГектор
_4440
702 1 _4340
_8rus
_7ca
_aБыков
_bП. В.
_cписатель
_f1843-1930
_gПетр Васильевич
_3RU\NLR\AUTH\7755574
_938506
801 0 _aRU
_bNLR
_gpsbo
801 0 _aRU
_bRuMoRGB
_2psbo
801 1 _aRU
_bProSoft-M
_2rusmarc
801 2 _aRU
_bNLR
_c20140127
_2rusmarc
852 _aNLR
_j1/50н
899 _aRuMoRGB
_jM 53/95
899 _aRuMoRGB
_jN 63/64
899 _aRuMoRGB
_jA 142/116
899 _aRuMoRGB
_jМК
899 _aБАН
899 _aГПИБ
942 _cBOOK
980 _aNB